000 00353 a2200133 4500
082 _a891.4391
090 _c4971
_d4971
100 _aQudsi, Abdul Quddus
245 _aAik hi mousam paat jahr ka
_cAbdul Quddus Qudsi
_h[Urdu]
260 _aIslamabad :
_bLeo Books,
_c1994.
300 _a172 p. ;
_c21 cm.
650 _aUrdu poetry
942 _cBK
_k891.4391 QUD
999 _c8848
_d8848